Forest economics: Priniciples and applications (Record no. 40067)

MARC details
000 -LEADER
fixed length control field 00325nam a2200121Ia 4500
082 ## - DEWEY DECIMAL CLASSIFICATION NUMBER
Classification number 026.272916
Item number NAU
100 ## - MAIN ENTRY--AUTHOR NAME
Personal name NAUTIYAL, J C
245 #0 - TITLE STATEMENT
Title Forest economics: Priniciples and applications
260 ## - PUBLICATION, DISTRIBUTION, ETC. (IMPRINT)
Place of publication Dehra Dun
Name of publisher Natraj
Year of publication 1988
650 ## - SUBJECT ADDED ENTRY--TOPICAL TERM
Topical Term Forest economics
942 ## - ADDED ENTRY ELEMENTS (KOHA)
Koha item type Books
Holdings
Withdrawn status Lost status Damaged status Not for loan Home library Current library Date acquired Full call number Accession Number Koha item type
        RRII Library RRII Library 16/12/2021 026.272916 NAU 20382 Books